Stratégia a strategický manažment ako nástroje, ktoré umožňujú súperenie a spolužitie Dávida s Goliášom

Guardado en:
Detalles Bibliográficos
Autor principal: Papula, Jozef
Otros Autores: Papulová, Zuzana
Formato: Libro
Lenguaje:eslovaco
Publicado: Bratislava Wolters Kluwer 2015
Edición:3. uprav. vyd.
Colección:Ekonómia
Materias:
Etiquetas: Agregar Etiqueta
Sin Etiquetas, Sea el primero en etiquetar este registro!

MARC

LEADER 00000nam a2200000 4500
001 0205204
005 20240314094554.8
020 |a 978-80-8168-193-6 
041 0 |a slo 
044 |a SK 
245 1 0 |a Stratégia a strategický manažment  |b ako nástroje, ktoré umožňujú súperenie a spolužitie Dávida s Goliášom  |c Jozef Papula, Zuzana Papulová 
250 |a 3. uprav. vyd. 
264 1 |a Bratislava  |b Wolters Kluwer  |c 2015 
300 |a 277 s. 
490 1 |a Ekonómia 
830 0 |a Ekonómia 
610 2 0 |a manažment strategický 
610 2 0 |a stratégia hospodárska 
610 2 0 |a stratégia podnikateľská 
610 2 0 |a stratégia podniková 
610 2 0 |a vodcovstvo 
610 2 0 |a lídri 
100 1 |a Papula, Jozef 
700 1 |a Papulová, Zuzana